[Event "HUN-chT2 Maroczy 1819"]
[Site "Hungary"]
[Date "2019.02.24"]
[Round "8.9"]
[White "Kovacs, Tamas"]
[Black "Gyomber, Tamas"]
[Result "1-0"]
[WhiteElo "2125"]
[BlackElo "2041"]
[PlyCount "83"]
[EventDate "2018.09.23"]
[EventType "team-tourn"]
[EventRounds "11"]
[EventCountry "HUN"]
[SourceTitle "EXT 2020"]
[Source "ChessBase"]
[SourceDate "2019.10.17"]
[SourceVersion "1"]
[SourceVersionDate "2019.10.17"]
[SourceQuality "1"]
[WhiteTeam "Lillafured DVTK II"]
[BlackTeam "Kobanya Aquarena II"]
[WhiteTeamCountry "HUN"]
[BlackTeamCountry "HUN"]

1. d4 g6 2. c4 Bg7 3. Nc3 d6 4. e4 Nc6 5. Nge2 e5 6. d5 Nce7 7. Ng3 f5 8. exf5 Nxf5 9. Bd3 Nf6 10. Bxf5 Bxf5 11. Bg5 0-0 12. Qd2 a6 13. 0-0 Qd7 14. a4 a5 15. f3 Qf7 16. Nb5 b6 17. b4 e4 18. Ra3 axb4 19. Qxb4 h6 20. fxe4 Bxe4 21. Nxe4 hxg5 22. Nxg5 Nxd5 23. Rxf7 Nxb4 24. Rxg7+ Kxg7 25. Ne6+ Kg8 26. Nxf8 Rxf8 27. Nxc7 Rc8 28. Rb3 Rxc7 29. Rxb4 Kf7 30. Kf2 Ke6 31. Ke3 Ra7 32. Rxb6 Rxa4 33. c5 Ra3+ 34. Kf4 Ra4+ 35. Kg3 Rd4 36. Rxd6+ Rxd6 37. cxd6 Kxd6 38. Kf4 Ke6 39. Kg5 Kf7 40. Kh6 Kf6 41. g4 Kf7 42. g5 1-0

[Event "Budapest-chT1 Lilienthal 1011"]
[Site "Budapest"]
[Date "2010.11.14"]
[Round "4"]
[White "Boldizsar, Szilard"]
[Black "Gyomber, Tamas"]
[Result "1/2-1/2"]
[WhiteElo "1912"]
[BlackElo "2071"]
[PlyCount "23"]
[EventDate "2010.09.19"]
[EventType "team-tourn"]
[EventRounds "11"]
[EventCountry "HUN"]
[SourceTitle "EXT 2020"]
[Source "ChessBase"]
[SourceDate "2019.10.17"]
[SourceVersion "1"]
[SourceVersionDate "2019.10.17"]
[SourceQuality "1"]
[WhiteTeam "Csepel"]
[BlackTeam "Budapest EAC III"]
[WhiteTeamCountry "HUN"]
[BlackTeamCountry "HUN"]

1. d4 g6 2. Nf3 Bg7 3. g3 d6 4. Bg2 Nf6 5. 0-0 0-0 6. c4 c6 7. Nc3 d5 8. cxd5 Nxd5 9. Qb3 Nxc3 10. bxc3 Qb6 11. Bf4 Qxb3 12. axb3 1/2-1/2

[Event "HUN-chT2 Erkel 1011"]
[Site "Hungary"]
[Date "2010.09.12"]
[Round "1.10"]
[White "Gyomber, Tamas"]
[Black "Zoltan, Andras"]
[Result "1/2-1/2"]
[WhiteElo "2071"]
[BlackElo "1977"]
[PlyCount "62"]
[EventDate "2010.09.12"]
[EventType "team-tourn"]
[EventRounds "11"]
[EventCountry "HUN"]
[SourceTitle "EXT 2012"]
[Source "ChessBase"]
[SourceDate "2011.11.24"]
[SourceVersion "1"]
[SourceVersionDate "2011.11.24"]
[SourceQuality "1"]
[WhiteTeam "Barcza"]
[BlackTeam "Honved"]
[WhiteTeamCountry "HUN"]
[BlackTeamCountry "HUN"]

1. d4 Nf6 2. Nf3 d5 3. g3 e6 4. Bg2 c5 5. 0-0 Nc6 6. c3 cxd4 7. cxd4 Bd6 8. Nc3 0-0 9. Bg5 h6 10. Bxf6 Qxf6 11. e3 Bd7 12. e4 dxe4 13. Nxe4 Qe7 14. d5 exd5 15. Qxd5 Bb4 16. a3 Be6 17. Qb5 a6 18. Qb6 Ba5 19. Qc5 Rfd8 20. b4 Bc7 21. Rac1 Bd6 22. Nxd6 Rxd6 23. Ne5 Nxe5 24. Qxe5 Rad8 25. Qa5 R6d7 26. Qb6 Bd5 27. Bxd5 Rxd5 28. Rfe1 Qd7 29. Rc7 Rd1 30. Rxd7 Rxe1+ 31. Kg2 Rxd7 1/2-1/2

[Event "HUN-chT2 Breyer 0809"]
[Site "Hungary"]
[Date "2009.02.22"]
[Round "8"]
[White "Gyomber, Tamas"]
[Black "Vass, Lajos"]
[Result "1/2-1/2"]
[WhiteElo "2079"]
[BlackElo "2159"]
[PlyCount "89"]
[EventDate "2008.10.26"]
[EventType "team-tourn"]
[EventRounds "11"]
[EventCountry "HUN"]
[SourceTitle "EXT 2010"]
[Source "ChessBase"]
[SourceDate "2010.11.25"]
[SourceVersion "1"]
[SourceVersionDate "2010.11.25"]
[SourceQuality "1"]
[WhiteTeam "Vertesi Eromu"]
[BlackTeam "BEAC II"]
[WhiteTeamCountry "HUN"]
[BlackTeamCountry "HUN"]

1. d4 Nf6 2. Nf3 g6 3. c4 Bg7 4. g3 c6 5. Bg2 d5 6. 0-0 0-0 7. cxd5 cxd5 8. Qb3 Nc6 9. Nc3 Ne4 10. e3 Be6 11. Qxb7 Na5 12. Qa6 Nxc3 13. bxc3 Qc7 14. Ba3 Nc4 15. Bc5 Bf5 16. Nh4 Bc8 17. Qa4 Be6 18. Rfb1 Nd2 19. Rb2 Ne4 20. Bxe4 dxe4 21. Rab1 Bc8 22. Qc2 g5 23. Qxe4 gxh4 24. Qxa8 Bf5 25. Qxa7 Qc6 26. Qb7 Qg6 27. Re1 Be4 28. Qxe7 Qg4 29. Qxh4 Qf3 30. Qxe4 Qxe4 31. Bxf8 Bxf8 32. c4 h5 33. h4 Bd6 34. c5 Bc7 35. f4 Qf3 36. Kh2 Kh7 37. Ree2 Kg6 38. e4 Bxf4 39. gxf4 Qxf4+ 40. Kg1 Kh6 41. Rbd2 Qg3+ 42. Kf1 Qf3+ 43. Rf2 Qh1+ 44. Ke2 Qxe4+ 45. Kf1 1/2-1/2

[Event "HUN-chT2 Breyer 0809"]
[Site "Hungary"]
[Date "2008.10.26"]
[Round "1"]
[White "Gyomber, Tamas"]
[Black "Dolnik, Attila"]
[Result "1-0"]
[WhiteElo "2079"]
[BlackElo "2171"]
[PlyCount "119"]
[EventDate "2008.10.26"]
[EventType "team-tourn"]
[EventRounds "11"]
[EventCountry "HUN"]
[SourceTitle "EXT 2010"]
[Source "ChessBase"]
[SourceDate "2010.11.25"]
[SourceVersion "1"]
[SourceVersionDate "2010.11.25"]
[SourceQuality "1"]
[WhiteTeam "Vertesi Eromu"]
[BlackTeam "Kisber Aszar"]
[WhiteTeamCountry "HUN"]
[BlackTeamCountry "HUN"]

1. d4 Nf6 2. Nf3 e6 3. g3 c5 4. c3 b6 5. Bg2 Bb7 6. 0-0 Be7 7. Bg5 0-0 8. Nbd2 d5 9. Ne5 Nc6 10. Ndf3 Rc8 11. Rc1 h6 12. Be3 cxd4 13. Nxc6 Bxc6 14. Bxd4 Bc5 15. Ne5 Bxd4 16. Qxd4 Ba8 17. Rfd1 Qe7 18. e3 Rfd8 19. Qh4 Qe8 20. Rd2 Qb5 21. Rcd1 Re8 22. Qd4 Qa5 23. a3 Bc6 24. Ra1 Bb5 25. Qb4 Qa4 26. Qxa4 Bxa4 27. Rd4 Bc2 28. Rc1 Be4 29. f3 Bh7 30. Bf1 Red8 31. Ba6 Rc7 32. Rcd1 Rb8 33. Bb5 a5 34. e4 g5 35. exd5 Nxd5 36. Kf2 Kg7 37. c4 Nf6 38. Nd7 Rbb7 39. Ke3 Nxd7 40. Rxd7 Kf6 41. Rxc7 Rxc7 42. Rd6 Rb7 43. Rd8 h5 44. Kd4 e5+ 45. Kd5 g4 46. fxg4 hxg4 47. Rd6+ Kg5 48. Kxe5 Re7+ 49. Kd4 Re2 50. Rxb6 Rxb2 51. c5 Rxh2 52. c6 Rd2+ 53. Kc3 Rc2+ 54. Kb3 Be4 55. Bc4 a4+ 56. Kb4 Rh2 57. c7 Bf5 58. Rb5 Rb2+ 59. Kxa4 Rxb5 60. Kxb5 1-0

[Event "HUN-chT2 Breyer 0708"]
[Site "Hungary"]
[Date "2008.04.27"]
[Round "10"]
[White "Rabovszky, Gyorgy"]
[Black "Gyomber, Tamas"]
[Result "0-1"]
[WhiteElo "2045"]
[BlackElo "1989"]
[PlyCount "56"]
[EventDate "2007.10.14"]
[EventType "team"]
[EventRounds "11"]
[EventCountry "HUN"]
[SourceTitle "EXT 2009"]
[Source "ChessBase"]
[SourceDate "2008.11.26"]
[SourceVersion "1"]
[SourceVersionDate "2008.11.26"]
[SourceQuality "1"]
[WhiteTeam "Honved II"]
[BlackTeam "Vertesi Eromu"]
[WhiteTeamCountry "HUN"]
[BlackTeamCountry "HUN"]

1. e4 g6 2. d4 Bg7 3. Nf3 d6 4. Bc4 Nc6 5. 0-0 e5 6. dxe5 Nxe5 7. Nxe5 Bxe5 8. f4 Bg7 9. e5 Be6 10. Bxe6 fxe6 11. Qg4 dxe5 12. Qxe6+ Qe7 13. Qb3 0-0-0 14. Be3 Kb8 15. Qa4 a6 16. Nc3 exf4 17. Bxf4 Nf6 18. Rae1 Qd7 19. Qb4 Rhe8 20. Rd1 Qc6 21. Rxd8+ Rxd8 22. Bg5 Re8 23. Qd4 Ne4 24. Qxg7 Qc5+ 25. Kh1 Nf2+ 26. Kg1 Nh3+ 27. Kh1 Qg1+ 28. Rxg1 Nf2# 0-1

[Event "Budapest FS04 FM-A"]
[Site "Budapest"]
[Date "2007.04.09"]
[Round "3"]
[White "Gyomber, Tamas"]
[Black "Hocevar, Nikola"]
[Result "0-1"]
[WhiteElo "2011"]
[BlackElo "2111"]
[PlyCount "120"]
[EventDate "2007.04.07"]
[EventType "tourn"]
[EventRounds "11"]
[EventCountry "HUN"]
[EventCategory "1"]
[SourceTitle "CBM 117 Extra"]
[Source "ChessBase"]
[SourceDate "2007.05.09"]
[SourceVersion "1"]
[SourceVersionDate "2007.05.09"]
[SourceQuality "1"]

1. d4 d5 2. Nf3 Nf6 3. g3 e6 4. Bg2 c5 5. 0-0 Nc6 6. c4 dxc4 7. Qa4 Bd7 8. Qxc4 Na5 9. Qc2 Rc8 10. dxc5 Bxc5 11. Nc3 Bc6 12. Bg5 0-0 13. Rad1 Qe7 14. Ne5 Bxg2 15. Kxg2 Bd6 16. Ng4 Rfd8 17. Qa4 Nc4 18. Ne4 Nxb2 19. Nexf6+ gxf6 20. Nxf6+ Qxf6 21. Bxf6 Nxa4 22. Bxd8 Rxd8 23. Rd4 Nc3 24. Rd3 Nb5 25. Rfd1 Rc8 26. a4 Nc3 27. Rc1 Bb4 28. Rd7 Rb8 29. Kf3 a5 30. Ra1 b5 31. axb5 Rxb5 32. e4 e5 33. Ra7 a4 34. R1xa4 Nxa4 35. Rxa4 Bc5 36. Ra2 Bd4 37. Kg4 Kg7 38. Kf5 Rb6 39. f4 Rf6+ 40. Kg4 h5+ 41. Kxh5 exf4 42. gxf4 Rxf4 43. Kg5 Rxe4 44. Kf5 Rh4 45. Rd2 Bc5 46. Rg2+ Kf8 47. Kg5 Be7+ 48. Kf5 Bd6 49. Rd2 Bxh2 50. Kf6 Rh6+ 51. Kg5 Rg6+ 52. Kf5 Bd6 53. Ra2 Kg7 54. Ra7 Rg1 55. Rb7 Rf1+ 56. Kg5 Rc1 57. Rd7 Rc5+ 58. Kg4 Bc7 59. Rd3 Kg6 60. Ra3 Rc4+ 0-1

[Event "Budapest FS04 FM-B"]
[Site "Budapest"]
[Date "2006.04.10"]
[Round "9"]
[White "Schuetz, Peter"]
[Black "Gyomber, Tamas"]
[Result "1-0"]
[WhiteElo "1940"]
[BlackElo "1995"]
[PlyCount "65"]
[EventDate "2006.04.02"]
[EventType "tourn"]
[EventRounds "9"]
[EventCountry "HUN"]
[SourceTitle "CBM 111 Extra"]
[Source "ChessBase"]
[SourceDate "2006.05.09"]
[SourceVersion "1"]
[SourceVersionDate "2006.05.09"]
[SourceQuality "1"]

1. e4 g6 2. Nc3 Bg7 3. f4 c6 4. Bc4 d6 5. Nf3 b5 6. Nxb5 cxb5 7. Bd5 e6 8. Bxa8 Qb6 9. d4 a6 10. d5 Qa7 11. Bc6+ Nxc6 12. dxc6 Qc5 13. Qd3 Qxc6 14. 0-0 Bb7 15. Rd1 d5 16. exd5 Qxd5 17. Qe2 Qc6 18. Ne5 Qc8 19. c4 f6 20. Nd7 Qxc4 21. Qxc4 bxc4 22. Nc5 Bd5 23. Nxa6 Kd7 24. Nb4 Kd6 25. Be3 Ne7 26. g4 Rb8 27. Bc5+ Kd7 28. Bxe7 Kxe7 29. Nxd5+ exd5 30. Rxd5 Rxb2 31. Re1+ Kf7 32. Rd7+ Kg8 33. Re8+ 1-0

[Event "Budapest FS04 FM-B"]
[Site "Budapest"]
[Date "2006.04.09"]
[Round "8"]
[White "Gyomber, Tamas"]
[Black "Lakat, Gyula"]
[Result "1-0"]
[WhiteElo "1995"]
[BlackElo "2014"]
[PlyCount "69"]
[EventDate "2006.04.02"]
[EventType "tourn"]
[EventRounds "9"]
[EventCountry "HUN"]
[SourceTitle "CBM 111 Extra"]
[Source "ChessBase"]
[SourceDate "2006.05.09"]
[SourceVersion "1"]
[SourceVersionDate "2006.05.09"]
[SourceQuality "1"]

1. d4 c5 2. e3 b6 3. Nf3 Bb7 4. Be2 e6 5. b3 f5 6. Bb2 Nf6 7. 0-0 Be7 8. Ne5 d6 9. Nd3 0-0 10. Nf4 Qd7 11. Bf3 Ne4 12. d5 e5 13. Ne6 Rf6 14. Bxe4 fxe4 15. c4 Na6 16. Nc3 Qe8 17. Ng5 Rg6 18. Ngxe4 Bc8 19. Ng3 h5 20. f4 Bg4 21. Qd2 h4 22. Nge4 Bh3 23. Rf2 exf4 24. exf4 Qd7 25. Ng5 Bf5 26. Nce4 Rf8 27. Raf1 Nc7 28. g3 Ne8 29. Qe3 hxg3 30. Nxg3 Nf6 31. Nxf5 Qxf5 32. Qxe7 Ne4 33. Rg2 Nxg5 34. Rxg5 Rxg5+ 35. Qxg5 1-0

[Event "Budapest FS04 FM-B"]
[Site "Budapest"]
[Date "2006.04.07"]
[Round "6"]
[White "Gyomber, Tamas"]
[Black "Dobos, Otto"]
[Result "1-0"]
[WhiteElo "1995"]
[BlackElo "1837"]
[PlyCount "109"]
[EventDate "2006.04.02"]
[EventType "tourn"]
[EventRounds "9"]
[EventCountry "HUN"]
[SourceTitle "CBM 111 Extra"]
[Source "ChessBase"]
[SourceDate "2006.05.09"]
[SourceVersion "1"]
[SourceVersionDate "2006.05.09"]
[SourceQuality "1"]

1. d4 d5 2. Nf3 Nf6 3. e3 g6 4. Be2 Bg7 5. 0-0 0-0 6. b3 c6 7. Bb2 Nbd7 8. Nbd2 Re8 9. c4 e6 10. Qc2 Nf8 11. Ne5 N6d7 12. f4 Nxe5 13. fxe5 f6 14. exf6 Bxf6 15. Nf3 Nd7 16. e4 dxc4 17. bxc4 Nf8 18. e5 Bg7 19. Ba3 Nd7 20. Bd6 Bf8 21. Bd3 Bxd6 22. Bxg6 Re7 23. exd6 Rg7 24. Bd3 Nf6 25. c5 Nd5 26. Qd2 Qf6 27. Ne5 Qh4 28. Qf2 Qxf2+ 29. Rxf2 Bd7 30. Nxd7 Rxd7 31. Bc4 Rf8 32. Raf1 Rxf2 33. Rxf2 Kg7 34. Re2 Kf6 35. Bxd5 exd5 36. Kf2 b5 37. Re8 a5 38. Ra8 a4 39. Ra6 Rb7 40. a3 b4 41. axb4 Rxb4 42. Ke3 Rb3+ 43. Kd2 a3 44. Kc2 Rb2+ 45. Kc3 Rxg2 46. Rxa3 Rxh2 47. Kb4 Rh4 48. Rd3 Re4 49. Ka5 Ke6 50. Kb6 Kd7 51. Rh3 Rxd4 52. Rxh7+ Kd8 53. Kxc6 Rf4 54. Rh8+ Rf8 55. Rxf8# 1-0

[Event "Budapest FS02 FM-B"]
[Site "Budapest"]
[Date "2006.02.14"]
[Round "10"]
[White "Gyomber, Tamas"]
[Black "Papp, Jozsef1111"]
[Result "1-0"]
[WhiteElo "1992"]
[BlackElo "1923"]
[PlyCount "137"]
[EventDate "2006.02.05"]
[EventType "tourn"]
[EventRounds "10"]
[EventCountry "HUN"]
[SourceTitle "CBM 110 Extra"]
[Source "ChessBase"]
[SourceDate "2006.03.10"]
[SourceVersion "2"]
[SourceVersionDate "2006.03.10"]
[SourceQuality "1"]

1. d4 d5 2. Nf3 g6 3. e3 Bg7 4. Be2 Bg4 5. 0-0 Nf6 6. b3 0-0 7. Bb2 Ne4 8. Nbd2 Nxd2 9. Qxd2 c5 10. Rfd1 Nc6 11. c3 cxd4 12. cxd4 Rc8 13. h3 Bd7 14. Rac1 Qa5 15. Bc3 Qb6 16. Ne5 Nxe5 17. dxe5 Bb5 18. Bg4 e6 19. a4 Ba6 20. Bb4 Rfe8 21. f4 Qd8 22. Rxc8 Qxc8 23. Rc1 Qa8 24. Qd4 b6 25. a5 bxa5 26. Bxa5 Rc8 27. Rxc8+ Bxc8 28. Qa4 Bb7 29. Bf3 Bf8 30. Qd4 a6 31. g4 Qc8 32. b4 Qc1+ 33. Kf2 Bc6 34. Be2 Qc2 35. Qd3 Qxd3 36. Bxd3 Bb7 37. Kf3 Be7 38. g5 Kf8 39. e4 Ke8 40. exd5 Bxd5+ 41. Ke3 Bb7 42. Kd4 Kd7 43. h4 Kc8 44. h5 Kd7 45. Kc3 Bd8 46. hxg6 hxg6 47. Bxd8 Kxd8 48. Kc4 Kc7 49. Kc5 Bc8 50. Be4 Bd7 51. Bd3 Bc8 52. Bc4 Bb7 53. f5 gxf5 54. Bxe6 f4 55. Bxf7 f3 56. g6 Be4 57. g7 f2 58. Bc4 Bh7 59. Kd4 Kb6 60. Ke3 Bg8 61. Be2 a5 62. bxa5+ Kxa5 63. Kxf2 Kb6 64. Kg3 Kc7 65. Kf4 Kd8 66. Kf5 Ke7 67. Kg6 Be6 68. Kh7 Bf7 69. Bg4 1-0

[Event "Budapest FS02 FM-B"]
[Site "Budapest"]
[Date "2006.02.06"]
[Round "2"]
[White "Gyomber, Tamas"]
[Black "Lakat, Gyula"]
[Result "1/2-1/2"]
[WhiteElo "1992"]
[BlackElo "1970"]
[PlyCount "109"]
[EventDate "2006.02.05"]
[EventType "tourn"]
[EventRounds "10"]
[EventCountry "HUN"]
[SourceTitle "CBM 110 Extra"]
[Source "ChessBase"]
[SourceDate "2006.03.10"]
[SourceVersion "2"]
[SourceVersionDate "2006.03.10"]
[SourceQuality "1"]

1. d4 Nf6 2. Nf3 e6 3. e3 b6 4. Be2 Bb7 5. 0-0 Ne4 6. Nbd2 f5 7. c4 Be7 8. Qc2 0-0 9. Bd3 d5 10. cxd5 exd5 11. Ne5 g6 12. f4 c5 13. b3 Nc6 14. Nxc6 Bxc6 15. Ba3 Rc8 16. Bxe4 fxe4 17. dxc5 Bb5 18. Rfe1 Bd3 19. Qd1 bxc5 20. Bb2 Bf6 21. Bxf6 Qxf6 22. Nf3 d4 23. Ne5 dxe3 24. Nxd3 Rcd8 25. Qc1 exd3 26. Qxe3 d2 27. Red1 Rfe8 28. Qxc5 Re4 29. g3 Qe6 30. Qc3 Qb6+ 31. Kh1 Qb7 32. Kg1 Qb6+ 33. Kh1 Qf2 34. Rf1 Qe2 35. Rad1 Rd3 36. Qc8+ Kg7 37. f5 Re8 38. f6+ Kh8 39. Qb7 Rg8 40. Qxa7 Rf3 41. Qg1 Rf8 42. Qg2 Rxf1+ 43. Qxf1 Qxf1+ 44. Rxf1 Rc8 45. f7 Kg7 46. f8Q+ Rxf8 47. Rd1 Rf2 48. Kg1 Re2 49. Kf1 Rxh2 50. a4 Kf6 51. a5 Rh5 52. b4 Rb5 53. Rxd2 Rxb4 54. Ra2 Rb7 55. a6 1/2-1/2

[Event "Balaton Cup"]
[Site "Balaton"]
[Date "2005.08.22"]
[Round "1"]
[White "Kincs, Imre"]
[Black "Gyomber, Tamas"]
[Result "1-0"]
[WhiteElo "2250"]
[BlackElo "1996"]
[PlyCount "69"]
[EventDate "2005.08.22"]
[EventType "swiss"]
[EventRounds "9"]
[EventCountry "HUN"]
[SourceTitle "EXT 2008"]
[Source "ChessBase"]
[SourceDate "2007.11.25"]
[SourceVersion "1"]
[SourceVersionDate "2007.11.25"]
[SourceQuality "1"]

1. d4 g6 2. e4 Bg7 3. Nf3 d6 4. Bc4 c6 5. 0-0 d5 6. exd5 cxd5 7. Bd3 Nc6 8. c3 Nf6 9. Re1 Bg4 10. Nbd2 0-0 11. h3 Bxf3 12. Nxf3 e6 13. Bf4 Qb6 14. Qd2 Na5 15. Ne5 Nc6 16. Nf3 Na5 17. g4 Rac8 18. Ne5 Nc6 19. Nf3 Na5 20. b3 Qc6 21. Rac1 Ne4 22. Bxe4 dxe4 23. Ng5 f5 24. c4 Rcd8 25. Qxa5 h6 26. d5 exd5 27. cxd5 Rxd5 28. Rxc6 Rxa5 29. Rxg6 hxg5 30. Rxg5 Rxa2 31. Be5 Rf7 32. gxf5 Kh7 33. Rxe4 Ra5 34. f6 Bh6 35. Rh4 1-0